000 00478pab a2200157 454500
008 180718b1985 xxu||||| |||| 00| 0 eng d
100 _aVillalba, Julian
245 _aA conceptual framework for government decision making about state - Owned enterprises
_bA report on a Venezulan research project
260 _c1985
300 _a49-57
362 _aNov.
650 _aGovernment Enterprise
700 _aJanet Kelly de Escobar
773 _aPublic Enterprise
909 _a9205
999 _c9205
_d9205